000 00317nam a22001337a 4500
008 170908b xxu||||| |||| 00| 0 eng d
020 _a9789280810721
041 _aeng
080 _a91
100 _a42
101 _aGJEO
245 _aEAST ASIAN EXPERIENCE IN ENVIRONMENTAL GOVERNANCE
_cADEEL, Z
942 _2udc
_cBK
999 _c26812
_d26812